A CONCISE HISTORY OF FRANCE (Record no. 14782)

MARC details
000 -LEADER
fixed length control field 00357nam a2200145Ia 4500
005 - DATE AND TIME OF LATEST TRANSACTION
control field 20250409181254.0
008 - FIXED-LENGTH DATA ELEMENTS--GENERAL INFORMATION
fixed length control field 250409s9999||||xx |||||||||||||| ||und||
020 ## - INTERNATIONAL STANDARD BOOK NUMBER
International Standard Book Number 0-521-60656-X
100 ## - MAIN ENTRY--PERSONAL NAME
Personal name PRICE ROGER
245 #2 - TITLE STATEMENT
Title A CONCISE HISTORY OF FRANCE
260 ## - PUBLICATION, DISTRIBUTION, ETC.
Name of publisher, distributor, etc. CAMBRIDGE UNIVERSITY PRESS
Place of publication, distribution, etc. NEW YORK
300 ## - PHYSICAL DESCRIPTION
Extent 491
650 ## - SUBJECT ADDED ENTRY--TOPICAL TERM
Form subdivision History
942 ## - ADDED ENTRY ELEMENTS (KOHA)
Koha item type BOOK
Holdings
Withdrawn status Lost status Damaged status Not for loan Collection Home library Current library Shelving location Date acquired Total checkouts Full call number Barcode Date last seen Price effective from Koha item type
        History St.Dominics College Library St.Dominics College Library General Stack 04/09/2025   944 PRI 24195 04/09/2025 04/09/2025 BOOK